| 000 | 00508nam a2200193 a 4500 | ||
|---|---|---|---|
| 001 | 1769940912943 | ||
| 003 | YourLibrary | ||
| 005 | 20260201163840.0 | ||
| 008 | 260201s2004##################000#0#eng## | ||
| 020 | _a9780198526247 | ||
| 082 | 0 | 4 |
_a305.235 _bGRA |
| 100 | 1 |
_aGraham, Philip Jeremy, _eauthor. |
|
| 245 | 1 | 0 | _aThe End of Adolescence : |
| 260 |
_bOxford University Press, _c2004. |
||
| 300 | _a276 pages | ||
| 650 | 0 | _aEducation. | |
| 942 | _cENGLISH | ||
| 040 |
_aYourLibrary _beng _cYourLibrary |
||
| 999 |
_c609793 _d609793 |
||